000 00705nam a2200205Ii 4500
003 JO-AjNU
008 230605s9999||||xx |||||||||||||| ||und||
040 _aJO-AjNU
_bara
_erda
_cJO-AjNU
041 _aara
050 1 4 _aHF 5686 .C7.Z8236 1982
100 3 _aتأليف الزعبي، فواز ,
_eauthor
_945802
245 0 0 _aاصول محاسبة الشركات في الاردن
250 _aط2
264 3 1 _aعمان: المؤلف،1982
300 _a384ص
_bيحتوي على ببلوغرافية من ص375-384ص
336 _atext
_btxt
_2rdacontent
337 _aunmediated
_bn
_2rdamedia
338 _avolume
_bnc
_2rdacarrier
650 4 _a محاسبة الشركات - الاردن
_945803
999 _aA19880
_c23448
_d23448